[Event "IECG CP.2004.P.00066 email"]
[Site "IECG email"]
[Date "2004.10.01"]
[Round "?"]
[White "Michel, Warren"]
[Black "MacDonald, David G"]
[Result "0-1"]
[WhiteElo "436"]
[BlackElo "2159"]
[PlyCount "48"]
[EventDate "2004.10.01"]
[EventType "tourn (corr)"]
[EventRounds "6"]
[SourceTitle "Corr 2011"]
[Source "ChessBase"]
[SourceDate "2010.08.31"]
[SourceVersion "1"]
[SourceVersionDate "2010.08.31"]
[SourceQuality "1"]

1. e4 e6 2. f3 d5 3. d3 c5 4. g3 Nc6 5. c3 Be7 6. Ne2 Nf6 7. exd5 Qxd5 8. Nf4 Qd6 9. b3 0-0 10. Na3 Rd8 11. Nc4 Qc7 12. h4 Nd5 13. Nxd5 Qxg3+ 14. Kd2 exd5 15. Ne3 d4 16. cxd4 Nxd4 17. Be2 Bf6 18. Rb1 Qf4 19. Ke1 Re8 20. Rh3 Bxh3 21. Kd2 Qxe3+ 22. Kc3 Nc6+ 23. Kc4 Qd4+ 24. Kb5 Qb4# 0-1

[Event "IECG CP.2004.P.00066 email"]
[Site "IECG email"]
[Date "2004.10.01"]
[Round "?"]
[White "Milde, Lars"]
[Black "Michel, Warren"]
[Result "1-0"]
[WhiteElo "1901"]
[BlackElo "436"]
[PlyCount "57"]
[EventDate "2004.10.01"]
[EventType "tourn (corr)"]
[EventRounds "6"]
[SourceTitle "Corr 2011"]
[Source "ChessBase"]
[SourceDate "2010.08.31"]
[SourceVersion "1"]
[SourceVersionDate "2010.08.31"]
[SourceQuality "1"]

1. e4 e5 2. Nf3 f6 3. Nxe5 fxe5 4. Qh5+ g6 5. Qxe5+ Qe7 6. Qxh8 Nf6 7. d3 Qg7 8. Qxg7 Bxg7 9. Nc3 c6 10. Bg5 d6 11. 0-0-0 Ng4 12. Bh4 Bd4 13. Rd2 h6 14. h3 Na6 15. hxg4 Bxg4 16. Be2 Be6 17. Bg3 0-0-0 18. Rxh6 Nb4 19. a3 Bxc3 20. bxc3 Na2+ 21. Kb2 Rg8 22. c4 d5 23. cxd5 cxd5 24. exd5 Bxd5 25. Bg4+ Kd8 26. Rh7 Re8 27. Rd7+ Kc8 28. Rxd5+ Re6 29. Bxe6# 1-0

[Event "IECG CN.2000.0.00211"]
[Site "IECG email"]
[Date "2000.08.28"]
[Round "?"]
[White "Michel, Warren"]
[Black "Mills, Mark"]
[Result "0-1"]
[WhiteElo "800"]
[BlackElo "949"]
[PlyCount "50"]
[EventDate "2000.08.28"]
[EventType "tourn (corr)"]
[EventRounds "6"]
[SourceTitle "Corr 2008"]
[Source "ChessBase"]
[SourceDate "2008.06.24"]
[SourceVersion "1"]
[SourceVersionDate "2008.06.24"]
[SourceQuality "1"]

1. d4 d5 2. Nc3 Nf6 3. f3 c5 4. Nb5 Qa5+ 5. Qd2 Qxb5 6. b3 Qb6 7. dxc5 Qxc5 8. Nh3 Bxh3 9. gxh3 Nc6 10. Bb2 Qb4 11. Bc3 Qh4+ 12. Kd1 d4 13. Ba5 Nd5 14. e3 Qh5 15. Bg2 Nxe3+ 16. Kc1 Qxa5 17. Qxa5 Nxa5 18. Bf1 Rc8 19. Bd3 e6 20. f4 Nxc2 21. Bxc2 d3 22. Rd1 Rxc2+ 23. Kb1 Ba3 24. b4 Rc4 25. Rxd3 Rc1# 0-1

[Event "IECG CN.2000.0.00211"]
[Site "IECG email"]
[Date "2000.08.28"]
[Round "?"]
[White "Pavlak, Maria"]
[Black "Michel, Warren"]
[Result "1-0"]
[WhiteElo "800"]
[BlackElo "800"]
[PlyCount "75"]
[EventDate "2000.08.28"]
[EventType "tourn (corr)"]
[EventRounds "6"]
[SourceTitle "Corr 2008"]
[Source "ChessBase"]
[SourceDate "2008.06.24"]
[SourceVersion "1"]
[SourceVersionDate "2008.06.24"]
[SourceQuality "1"]

1. e4 e5 2. Nf3 f6 3. Nxe5 fxe5 4. Qh5+ g6 5. Qxe5+ Qe7 6. Qxh8 Nf6 7. d3 Nc6 8. c3 Ne5 9. Bh6 Nf7 10. Qxf8+ Qxf8 11. Bxf8 Kxf8 12. Be2 Ng5 13. Nd2 d6 14. f4 Nf7 15. h3 b6 16. g4 Be6 17. f5 gxf5 18. gxf5 Bd7 19. Rg1 Ke7 20. 0-0-0 Ba4 21. b3 Bb5 22. c4 Bc6 23. Nf3 d5 24. exd5 Bd7 25. Nd4 a6 26. Bf3 Rb8 27. Ne6 c6 28. dxc6 Bxe6 29. fxe6 Ne5 30. Rg7+ Kf8 31. c7 Rc8 32. Bb7 Rxc7 33. Rxc7 h5 34. d4 Ng6 35. Rf1 Ne7 36. Rxf6+ Kg7 37. Rf7+ Kg6 38. Rcxe7 1-0

[Event "IECG QN.2000.0.00132"]
[Site "IECG email"]
[Date "2000.08.05"]
[Round "?"]
[White "Antonov, Spartak"]
[Black "Michel, Warren"]
[Result "1-0"]
[WhiteElo "823"]
[BlackElo "800"]
[PlyCount "43"]
[EventDate "2000.08.05"]
[EventType "tourn (corr)"]
[EventRounds "6"]
[SourceTitle "Corr 2008"]
[Source "ChessBase"]
[SourceDate "2008.06.24"]
[SourceVersion "1"]
[SourceVersionDate "2008.06.24"]
[SourceQuality "1"]

1. e4 e5 2. d4 exd4 3. Bc4 f6 4. e5 fxe5 5. Qh5+ g6 6. Qxe5+ Qe7 7. Nf3 Qxe5+ 8. Nxe5 d6 9. Nf7 Bg7 10. Nxh8 Bxh8 11. Bxg8 Bf5 12. Na3 c6 13. h4 d5 14. Bxh7 Na6 15. h5 Kf7 16. hxg6+ Bxg6 17. Bxg6+ Kxg6 18. 0-0 Re8 19. g3 Nc5 20. Bf4 d3 21. Rae1 Rf8 22. Bd6 1-0